Metadata for information management and retrieval

Kaydedildi:
Detaylı Bibliyografya
Yazar: Haynes, David
Materyal Türü: Kitap
Dil:Undetermined
Baskı/Yayın Bilgisi: London Facet 2004
Konular:
Etiketler: Etiketle
Etiket eklenmemiş, İlk siz ekleyin!
Thư viện lưu trữ: Trung tâm Học liệu Trường Đại học Cần Thơ
LEADER 00465nam a2200181Ia 4500
001 CTU_103023
008 210402s9999 xx 000 0 und d
082 |a 025.3 
082 |b H417 
100 |a Haynes, David 
245 0 |a Metadata for information management and retrieval 
245 0 |c David Haynes 
260 |a London 
260 |b Facet 
260 |c 2004 
650 |a Metadata 
904 |i Minh 
980 |a Trung tâm Học liệu Trường Đại học Cần Thơ